00690nam a2200241 a 4500001001300000003000900013005001700022008004100039020000900080082001600089100002500105245001800130260004200148300000900190500003500199505002400234650002000258700002500278902000800303942000700311952011500318999001500433nice12345678IN_TiNIC20260116012607.0050524s1989 saha grp 000 0 per  ac2000a891.43bQUR aQurban, D A Harrison aSulagte Khwab aSaharanpur bAwas Vikas Colony c1989 a160p aincludes index and biblioraphy2 aIndex, Illustration aUrdu-Literature1 aQurban, D A Harrison bSRS cBK 001040708StackRoom-aHMIbHMId2007-06-22g20.00l0o891.43 QURp013623r2007-06-22v20.00w2005-05-24yBK c7592d7592